| 000 | 00373nam a2200145Ia 4500 | ||
|---|---|---|---|
| 008 | 191201s2012 xx 000 0 und d | ||
| 082 |
_a004.22 _bHEC |
||
| 100 | _aHENNESSY,John L | ||
| 245 | 0 | _aComputer Architecture | |
| 250 | _a2nd Rep | ||
| 260 |
_aN. delhi _bMorgam Kaufmann Publshers, Elsevier _c2012 |
||
| 300 | _a493+MISC | ||
| 650 | _aM.Tech(CSE) | ||
| 942 |
_2ddc _cBK |
||
| 999 |
_c5242 _d5242 |
||